| 000 | 00493nam a2200169 i 4500 | ||
|---|---|---|---|
| 001 | 74772 | ||
| 003 | ES-MaACL | ||
| 005 | 20230906172236.0 | ||
| 007 | t| | ||
| 008 | 040921s1967 sp ||||1| spa d | ||
| 100 | 1 |
_aGracia, Emilio. _959456 |
|
| 245 | 1 | 0 |
_aBuscando la cumbre / _cEmilio Gracia, José Ignacio Villellas. |
| 260 |
_aBilbao : _bMensajero, _c1967. |
||
| 300 |
_a230 p., 12 lám. ; _c21 cm. |
||
| 700 | 1 |
_aVillellas, José Igancio. _9115235 |
|
| 852 |
_aES-MaACL _jC-32808 _bR.63416 |
||
| 999 |
_c74772 _d74772 |
||